000 01034nam a22002537a 4500
005 20240530110435.0
008 150330s2011 ua ao g 000 0 ara d
017 _a2010/20788
_bمصر . دار الكتب المصرية
020 _a9789770929377
040 _aEG-CaGPL
082 0 4 _221
_a215.962
_bق/ف س
100 0 _bفخرالدين الاحمدى الظواهرى
245 1 2 _aالسياسة و الازهر :
_bمن مذكرات شيخ الاسلام الظواهرى /
_cفخرالدين الاحمدى الظواهرى.
250 _aط1.
260 _aالقاهرة :
_bدار الشروق ،
_c2011.
300 _a324 ص :
_bصور ،
_c24 سم.
600 0 _aمحمد الاحمدى الظواهرى
_vصور
600 0 _aفؤاد الاول
_qملك
_vصور
650 0 4 _aالازهر
650 0 4 _aالازهر
_xالاحوال السياسية
_zمصر
650 0 4 _aالازهر
_xتاريخ
_yعصر الملك فؤاد الاول
942 _2ddc
_cBK
999 _c60938
_d60938